00553cam a22001813a 450000100060000000300060000600500170001200800410002904000150007004200070008510000280009224501010012026000290022150600300025051600200028083000290030085600420032939999PGUSA20140828083906.0120615s2012||||xxu|||||s|||||000 | eng d aPGUSAbeng adc1 aThorne, Guy,d1876-192314aThe Great Acceptance :bThe Life Story of F. N. Charringtonh[electronic resource] /cGuy Thorne bProject Gutenberg,c2012 aPublic domain in the USA. aElectronic text 0aProject Gutenbergv3999940uhttp://www.gutenberg.org/ebooks/39999